00177nam a2200073Ia 4500008004100000100001400041245002000055260002800075170817s9999 xx 000 0 und d aRawat.M.S 0aGanit Shikshaan bAgarwal Prakashan Agara